Comida, identidade e patrimônio: articulações possíveis /

Wedi'i Gadw mewn:
Manylion Llyfryddiaeth
Prif Awdur: Morais, Luciana Patrícia de
Fformat: Llyfr
Iaith:Portuguese
Tagiau: Ychwanegu Tag
Dim Tagiau, Byddwch y cyntaf i dagio'r cofnod hwn!

MARC

LEADER 00000nam a22000007a 4500
003 cru CIDCACS/IIS
005 20200925161154.0
007 ta
008 161201s2011 bl ||||| |||| 00| 0 por d
040 |c CRAI/IIS  |a CRAI/IIS 
100 1 |9 706  |a Morais, Luciana Patrícia de  
245 1 |a Comida, identidade e patrimônio:  |b articulações possíveis /  |c Luciana Patrícia de Morais 
300 |a páginas 227-254 
773 0 |0 18782  |9 194  |a Universidade Federal Do Paraná.  |d Curitiba Paraná, Brasil: Editora da UFPR,  |o R14327  |t História:  |x 01006932 
942 |2 ddc  |c PP 
999 |c 18790  |d 18790